Standing conference of european parliamentarians on HIV/AIDS : conference report : 19th-20th may 1995, Barcelona /

সংরক্ষণ করুন:
গ্রন্থ-পঞ্জীর বিবরন
প্রধান লেখক: Baron, Claire (লেখক)
বিন্যাস: গ্রন্থ
ভাষা:ইংরেজি
প্রকাশিত: London : [s.n.], [1995?]
ট্যাগগুলো: ট্যাগ যুক্ত করুন
কোনো ট্যাগ নেই, প্রথমজন হিসাবে ট্যাগ করুন!

MARC

LEADER 00000nam a22000007i 4500
001 IT\ICCU\UBO\3617884
003 ItRI
005 20260115232403.0
008 090420s1995 xxk|||||| ||||| |||||c
040 |b ita  |c importazione bologna sebina 
041 7 |a eng  |2 ISO-639-2 
245 0 0 |a Standing conference of european parliamentarians on HIV/AIDS :  |b conference report : 19th-20th may 1995, Barcelona /  |c Claire Baron. 
260 |a London :  |b [s.n.],  |c [1995?] 
300 |a 102 p. :  |b ill. ;  |c 30 cm 
500 |a Conference organised by European Public Health Foundation with the support of the Commission of the European Union. 
700 1 |a Baron, Claire  |0 IT\ICCU\UBOV\321645  |4 aut 
942 |2 ddc  |c BK  |n 0 
952 |0 0  |1 0  |4 0  |6 A_616_979000000000000_BAR  |7 0  |9 25225  |a BO  |b BO  |d 2026-01-15  |i 3680  |l 0  |o A 616.979 BAR  |p BO3680  |r 2026-01-15 23:24:03  |w 2026-01-15  |x [Sebina 7] [1 v.]  |y BK  |z 1 v. 
999 |c 21435  |d 21435